000 00648nam a2200241Ia 4500
005 20231128103003.0
008 131103s9999 xx 000 0 und d
020 _a340677929
_cGB 15.99
040 _aLoreto College
041 _aEnglish
082 _a396
_bMAC
245 _aSpace,gender,knowledge
_b Feminist readings
_cEdited by Linda McDowell and Joanne P Sharp
260 _aLondon
_bArnold
_c1997
300 _axi,468p
_b ill
504 _aIncludes index
630 _aGender Studies
630 _aWomen Studies
650 _aFeminist Studies
651 _aFeminism
700 _aMcdowell,Ian,ed
850 _aLCLIB
942 _cBK
999 _c27620
_d78099